00939 2200301 4500001002100000005001500021035002000036007000300056008004100059020002200100082001600122084001800138100004300156245010400199250003200303300004200335650001800377264003400395336002100429337003000450338002300480040002200503090002200525850001200547504003400559999002200593990002200615INLIS00000000089549520250425111445 a0010-0425000744ta250425 g 0 ind  a978-602-4914-42-404223a617.952 a617.952 ROB p0 aRobertus Arian DatusanantyoePengarang10aPotret bedah plastik :btopik pembelajaran terpilih dari sunda kecil /cRobertus Arian Datusanantyo aCetakan pertama, Maret 2024 axviii, 254 halaman :bgambar ;c23 cm 4aBedah plastik31aBantul :bPohon Cahaya,c2024 2rdacontentateks 2rdamediaatanpa perantara 2rdacarrieravolume aYOPDYOGbinderda aCB-D.11 2024-6144 aYOPDYOG aBibliografi : halaman 222-252 aCB-D.11/2024-6144 aCB-D.11/2024-6144